Most Popular Baby Names by First Letter - 1980 - Statistics

General Stats
  • This quiz has been taken 65 times
  • The average score is 33 of 49
Answer Stats
First Letter Rank Answer % Correct
D 4 David
92%
H 135 Henry
88%
M 1 Michael
88%
P 35 Paul
88%
V 107 Victor
88%
W 14 William
88%
A 19 Andrew
84%
F 81 Frank
84%
B 12 Brian
82%
C 2 Christopher
82%
K 23 Kevin
82%
O 229 Olivia
82%
Z 72 Zachary
80%
J 1 Jennifer
78%
R 9 Robert
78%
X 464 Xavier
78%
E 9 Elizabeth
76%
N 17 Nicholas
76%
S 5 Sarah
76%
J 3 Jason
75%
N 7 Nicole
75%
V 69 Vanessa
75%
R 17 Rebecca
73%
T 20 Timothy
73%
I 104 Ian
71%
S 28 Steven
71%
A 2 Amanda
69%
E 16 Eric
69%
H 6 Heather
69%
L 16 Lisa
69%
W 75 Wendy
69%
M 4 Melissa
67%
P 51 Patricia
67%
C 15 Christina
65%
G 42 Gregory
65%
D 33 Danielle
63%
Y 157 Yolanda
63%
K 11 Kimberly
59%
I 291 Irene
53%
L 70 Larry
49%
Q 346 Quincy
45%
F 164 Felicia
43%
G 100 Gina
43%
T 14 Tiffany
43%
U 799 Ulysses
37%
O 170 Omar
35%
B 42 Brandy
25%
Y 779 Yoel
2%
Q 620 Quiana
0%
No matching quizzes found
Score Distribution
Percent of People with Each Score
Percentile by Number Answered
Your Score History
You have not taken this quiz